La política del olvido y la idealización /

Сохранить в:
Библиографические подробности
Главный автор: González Ortega, Alfonso
Другие авторы: Solís Avendaño, Manuel
Формат: Текст
Опубликовано: San José, Costa Rica: Editorial de la Universidad de Costa Rica
Предметы:
Метки: Добавить метку
Нет меток, Требуется 1-ая метка записи!

MARC

LEADER 00000 a a2200000 04500
001 45880
003
040
020 |a 9977-67-678-X  
090 |a 02.04.02   |b G643e  
100 |a González Ortega, Alfonso  
245 |a La política del olvido y la idealización /  |c Alfonso González Ortega; Manuel Solís Avendaño  
260 |a San José, Costa Rica:   |b Editorial de la Universidad de Costa Rica  
650 |a CORRUPCION  
650 |a HISTORIA SOCIAL  
650 |a POLITICOS  
650 |a BIOGRAFIAS  
700 |a Solís Avendaño, Manuel  
773 |g páginas 227-304  
999 |c 29847  |d 29847